| 000 -LEADER |
| fixed length control field |
00755nam a2200229 a 4500 |
| 001 - CONTROL NUMBER |
| control field |
:::00013797$&:&@@ |
| 003 - CONTROL NUMBER IDENTIFIER |
| control field |
OkBaRHE |
| 005 - DATE AND TIME OF LATEST TRANSACTION |
| control field |
20100324135053.0 |
| 008 - FIXED-LENGTH DATA ELEMENTS--GENERAL INFORMATION |
| fixed length control field |
s1986 j 000 0 eng u |
| 040 ## - CATALOGING SOURCE |
| Transcribing agency |
|
| 100 1# - MAIN ENTRY--PERSONAL NAME |
| Personal name |
Alexander, Pat, 1937- , |
| 245 14 - TITLE STATEMENT |
| Title |
The Lion encyclopedia of the Bible. |
| 250 ## - EDITION STATEMENT |
| Edition statement |
New rev. ed. |
| 260 ## - PUBLICATION, DISTRIBUTION, ETC. (IMPRINT) |
| Place of publication, distribution, etc |
Tring, Herts, UK:EN., : |
| Name of publisher, distributor, etc |
Lion Publishing |
| Date of publication, distribution, etc |
1986 |
| 300 ## - PHYSICAL DESCRIPTION |
| Extent |
352 p. : col. illus. ; |
| Dimensions |
27 cm. |
| 650 ## - SUBJECT ADDED ENTRY--TOPICAL TERM |
| Topical term or geographic name as entry element |
Bible |
| General subdivision |
Criticism, Interpretation, etc. |
| 700 ## - ADDED ENTRY--PERSONAL NAME |
| Personal name |
Drane, John William, Ed. |
| 700 ## - ADDED ENTRY--PERSONAL NAME |
| Personal name |
Field, David, 1921- , Ed. |
| 700 ## - ADDED ENTRY--PERSONAL NAME |
| Personal name |
Millard, A. R. (Alan Ralph), Ed. |
| 942 ## - ADDED ENTRY ELEMENTS (KOHA) |
| Source of classification or shelving scheme |
|
| Koha item type |
Books |